| 000 | 02015nam a2200589 i 4500 | ||
|---|---|---|---|
| 001 | 7695 | ||
| 003 | KOSZ 005 | ||
| 005 | 20250724063749.0 | ||
| 008 | 060208s1974 pl a f |000 0 pol | ||
| 015 | _aPB 1974/3631 | ||
| 035 | _a991029559129705066 | ||
| 035 | _a(PL-WaBN)b17982777-48omnis_nlop | ||
| 035 | _ab17982777 | ||
| 035 | _a(OCoLC)749574245 | ||
| 035 | _a(PL)b0000001798277 | ||
| 035 | _a(EXLNZ-48OMNIS_NETWORK)9910266743205606 | ||
| 040 |
_aWA N _cWA N _dKOSZ 005/EG |
||
| 041 | 1 |
_apol _heng |
|
| 046 | _k1960 | ||
| 080 | _a538.9 | ||
| 080 | _a548 | ||
| 080 | _a537 | ||
| 080 | _a(075.8) | ||
| 100 | 1 |
_aKittel, Charles _d(1916- ) _eAutor |
|
| 245 | 1 | 0 |
_aWstęp do fizyki ciała stałego / _cCh. Kittel ; z ang. przeł. A. Pajączkowska, J. Ostrowski, J. Raułuszkiewicz. |
| 246 | 3 | 0 |
_iTyt. oryg.: _aIntroduction to solid state physics, _f1996 |
| 250 | _aWyd. 3 popr. | ||
| 260 |
_aWarszawa : _bPaństwowe Wydaw. Naukowe, _c1974. |
||
| 300 |
_a643, [1] s. : _bil., wykr. ; _c25 cm. |
||
| 336 |
_2rdacontent _aTekst _btxt |
||
| 337 |
_2rdamedia _aBez urządzenia pośredniczącego _bn |
||
| 338 |
_2rdacarrier _aWolumin _bnc |
||
| 380 | _aKsiążki | ||
| 380 | _aPublikacje dydaktyczne | ||
| 385 |
_mPoziom nauczania _aSzkoły wyższe |
||
| 388 | _a1901-2000 | ||
| 388 | _a1945-1989 | ||
| 500 | _aW metryce mylnie wyd. 6. | ||
| 504 | _aBibliogr. | ||
| 650 | 7 |
_aCiało stałe _2DBN |
|
| 650 | 7 | _aPrzewodnictwo elektryczne | |
| 650 | 7 | _aElektromagnetyzm | |
| 655 | _aPodręczniki akademickie | ||
| 658 | _aFizyka i astronomia | ||
| 700 | 1 |
_aOstrowski, Janusz _eTłumaczenie |
|
| 700 | 1 |
_aPajączkowska, Anna _d(1934- ) _eTłumaczenie |
|
| 700 | 1 |
_aRaułuszkiewicz, Jerzy _d(1927-2005) _eTłumaczenie |
|
| 710 | 2 | _aPaństwowe Wydawnictwo Naukowe | |
| 856 |
_uhttp://koha.tu.koszalin.pl/cgi-bin/koha/opac-detail.pl?biblionumber=7695 _yKatalog online BPK |
||
| 942 |
_2UKD _cKS |
||
| 999 |
_c7695 _d7695 |
||